000 00425cam a22001337a 4500
008 180718b1966 xxu||||| |||| 00| 0 eng d
082 _aB131x42 L837
245 _aSocial aspects of Urban developement
_cedited by G.M. Lomas
260 _aLondon
_bThe National CouncilOf Social Service
_c1966
300 _aix, 89p
650 _aPublic welfare --Great Britain
650 _aUrbanization --Great Britain
700 _aLomas, G.M.
999 _c408325
_d408325